Catálogo público

Martí y Estados Unidos / (Record no. 110838)

MARC details
000 -CABECERA
campo de control de longitud fija 00781nam a2200265 a 4500
001 - NÚMERO DE CONTROL
campo de control 000114377
003 - IDENTIFICADOR DEL NÚMERO DE CONTROL
campo de control CHAP
005 - FECHA Y HORA DE LA ÚLTIMA TRANSACCIÓN
campo de control 20220329144438.0
008 - DATOS DE LONGITUD FIJA--INFORMACIÓN GENERAL
campo de control de longitud fija 180117s1983 cu |r| ||||||spa d
010 ## - NÚMERO DE CONTROL DE LA BIBLIOTECA DEL CONGRESO
Número de control de LC 110838
011 ## - ENLACE DEL NUMERO DE CONTROL DE LA BIBLIOTECA DEL CONGRESO [OBSOLETO]
Número de control de LC 111810
040 ## - FUENTE DE LA CATALOGACIÓN
Centro/agencia transcriptor CHAP
082 04 - NÚMERO DE LA CLASIFICACIÓN DECIMAL DEWEY
Número de clasificación 973.8
Número de documento/Ítem B46
100 1# - ENTRADA PRINCIPAL--NOMBRE DE PERSONA
Nombre de persona Benítez, José A.
9 (RLIN) 134361
245 10 - MENCIÓN DE TÍTULO
Título Martí y Estados Unidos /
Mención de responsabilidad, etc. por José A. Benítez.
260 ## - PUBLICACIÓN, DISTRIBUCIÓN, ETC.
Lugar de publicación, distribución, etc. La Haban, Cuba :
Nombre del editor, distribuidor, etc. Editora Politica,
Fecha de publicación, distribución, etc. 1983.
300 ## - DESCRIPCIÓN FÍSICA
Extensión 161 p.
590 ## - NOTA LOCAL (RLIN)
Nota local BATCH-UPD
Procedencia (VM) [OBSOLETO] 05
Condición del los carretes individuales (VM) [OBSOLETO] 20180117
-- UCH01
-- 0922
590 ## - NOTA LOCAL (RLIN)
Nota local E5765TAJ
Procedencia (VM) [OBSOLETO] 05
Condición del los carretes individuales (VM) [OBSOLETO] 20180117
-- UCH01
-- 0921
600 14 - PUNTO DE ACCESO ADICIONAL DE MATERIA--NOMBRE DE PERSONA
Nombre de persona Martí, José,
Fechas asociadas al nombre 1853-1895
Subdivisión general Puntos de vista sobre EE. UU.
9 (RLIN) 134359
651 #0 - PUNTO DE ACCESO ADICIONAL DE MATERIA--NOMBRE GEOGRÁFICO
Nombre geográfico Estados Unidos
Subdivisión general Política y gobierno
Subdivisión cronológica Siglo XIX.
9 (RLIN) 134360
901 ## - ELEMENTOS DE DATOS A LOCAL LDA (RLIN)
a BK
942 ## - ELEMENTOS DE PUNTO DE ACCESO ADICIONAL (KOHA)
Tipo de ítem Koha Libro
942 ## - ELEMENTOS DE PUNTO DE ACCESO ADICIONAL (KOHA)
Suprimir en OPAC 0
Holdings
Estado de retiro Estado de pérdida Fuente del sistema de clasificación o colocación Estado dañado Restricciones de uso No para préstamo Código de colección Localización permanente Ubicación/localización actual Fecha de adquisición Información codificada de la localización en otra ubicación Total de préstamos Signatura topográfica completa Código de barras Fecha visto por última vez Precio válido a partir de Tipo de ítem Koha
    Dewey Decimal Classification   Préstamo 15 días   General Centro Regional San Luis Acatlán Centro Regional San Luis Acatlán 17/01/2018 LIBRO   973.8 B46 02000001242 31/12/2019 17/01/2018 Libro